<?xml version="1.0" encoding="UTF-8"?>
<collection xmlns="http://www.loc.gov/MARC21/slim">
<record>
  <controlfield tag="001">4364</controlfield>
  <datafield tag="088" ind1=" " ind2=" ">
    <subfield code="a">2880</subfield>
  </datafield>
  <datafield tag="260" ind1=" " ind2=" ">
    <subfield code="c">1970</subfield>
  </datafield>
  <datafield tag="650" ind1="1" ind2="7">
    <subfield code="a">Ruby Brady Grigsny Coll</subfield>
  </datafield>
  <datafield tag="520" ind1=" " ind2=" ">
    <subfield code="a">Old Fairfield Grammer School that stood where Mark J. Woods School is today (1970).  L to R - Verne Morrill, Ruby Brady Grigsby, Grace Burdick Mason, Hazel Burdick Sarasin</subfield>
  </datafield>
  <datafield tag="980" ind1=" " ind2=" ">
    <subfield code="a">43905848739</subfield>
  </datafield>
  <datafield tag="960" ind1=" " ind2=" ">
    <subfield code="a">hc</subfield>
  </datafield>
</record>
</collection>